Responses for show #6577 - Tuesday, April 2, 2013

Rebecca Rider game 4.

Contestants

[<< previous game]

Lisa Sotir Ozkan, an attorney from Arlington, Virginia

Shawn Townsend, a part-time docent from Brentwood, Tennessee

Rebecca Rider, an office supply sales assistant from Fresh Meadows, New York (whose 3-day cash winnings total $80,200)

[next game >>]

Jeopardy! Round responses

THE NATIONAL GEOGRAPHIC ATLAS SHRUGGED
(Alex: That's not a BEFORE & AFTER category.)
"AND" BOOKS FOR SHORT
REALITY HITS YOU HARD, BRO
ACTOR FACTOR
WORDS THAT START WITH PREPOSITIONS
CARE FOR SOME WINE?
(Alex: It'll make you feel better.)
    $200 13
French Guiana

Triple Stumper
    $200 1
War and Peace

Shawn
    $200 18
J.P. Morgan Chase

Rebecca
    $200 26
Daniel Craig

Rebecca
    $200 6
withholding

Lisa
    $200 11
Cabernet

Lisa
    $400 14
the Persian Gulf

Rebecca
    $400 2
Angels and Demons

Rebecca
    $400 19
George McGovern

Shawn
    $400 27
Heath Ledger

Shawn
    $400 7
fromage

Rebecca
    $400 12
(Alex: Ron [*], yes.)

Burgundy

Rebecca
    $600 15
cities

Lisa
    $600 3
Extremely Loud and Incredibly Close

Triple Stumper
    $600 20
the Netherlands

Triple Stumper
    $600 28
George Clooney

Triple Stumper
    $600 8
overbooking

Rebecca
    $600 25
eucalyptus

Lisa
    $800 16
the Sahara

Rebecca
    $800 4
Sons and Lovers

Rebecca
    $800 21
Mata Hari

Lisa
    $800 29
Ben Affleck

Lisa
    $800 9
upbringing

Rebecca
    $800 24
Dom Perignon

Shawn
    $2,000 17
Kosovo

Rebecca
    $1000 5
The Beautiful and Damned

Triple Stumper
    $1000 22
Pervez Musharraf

Triple Stumper
    $1000 30
Thomas Gibson

Triple Stumper
    $1000 10
aftermarket

Lisa
    $1000 23
Asti

Lisa

Scores at the first commercial break (after clue 15):

Rebecca Shawn Lisa
$3,800 $200 $2,000

Scores at the end of the Jeopardy! Round:

Rebecca Shawn Lisa
$7,000 $1,800 $5,200

Double Jeopardy! Round responses

20th CENTURY SENATORS
GOOD & BAD MUSIC
DISEASES NAMED FOR PEOPLE
YES "SUR"
WHO MAKES THAT?
(Alex: And finally, in honor of the 500th anniversary of Ponce de Leon sighting Florida, a whole category devoted to him and that state...)
PONCE DE LEON & FLORIDA
    $400 1
Lyndon B. Johnson

Rebecca
    $400 17
"Bad, Bad Leroy Brown"

Shawn
    $400 16
Parkinson's disease

Triple Stumper
    $400 6
surf

Rebecca
    $400 11
Nike

Lisa
    $400 23
St. Augustine

Shawn
    $2,000 2
(Joseph) McCarthy

Rebecca
    $800 18
Green Day

Rebecca
    $800 22
thyroid

Triple Stumper
    $800 7
surge

Rebecca
    $800 12
Gillette

Rebecca
    $800 24
the Gulf Stream

Lisa
    $1200 3
Strom Thurmond

Rebecca
    $1200 19
"Bad Boys"

Lisa
    $3,000 28
(Shawn: [mumbles a bit] What is leukemia?)

Hodgkin's disease

Shawn
    $1200 8
surname

Lisa
    $1200 13
Cadillac

Lisa
    $1200 25
Key Biscayne

Triple Stumper
    $1600 4
Ted Kennedy

Shawn
    $1600 20
"Good Times"

Triple Stumper
    $1600 29
the pituitary

Lisa
    $1600 9
surly

Rebecca
    $1600 14
(Rebecca: What is Rawling?)
(Alex: Say it again.)
(Rebecca: What is Rawling?)
...
(Alex: Yes, with an s.)

Rawlings

RebeccaShawn
    $1600 26
Isabella

Triple Stumper
    $2000 5
Bob Dole

Lisa
    $2000 21
George Strait

Rebecca
    $2000 30
Tay-Sachs disease

Lisa
    $2000 10
surmise

Rebecca
    $2000 15
(Dixon) Ticonderoga

Rebecca
    $2000 27
the Dry Tortugas

Shawn

Scores at the end of the Double Jeopardy! Round:

Rebecca Shawn Lisa
$19,400 $4,800 $15,600

[wagering suggestions for these scores]

Final Jeopardy! Round responses

AUTHORS
(Alex: [To Shawn] A plug for the Hermitage.)
...
(Alex: [To Rebecca] Sassoon--you were thinking of Vidal Sassoon, and if you go from Vidal Sassoon [Rebecca groans] to an author, you will come up with [*].)
ShawnWho is Jackson?
$4,000
LisaWho was ?
$15,001
RebeccaWho was Sassoon?
$13,000
Gore Vidal

Final scores:

Rebecca Shawn Lisa
$6,400 $800 $599
4-day champion: $86,600 2nd place: $2,000 3rd place: $1,000

Game dynamics:

Coryat scores:

Rebecca Shawn Lisa
$17,200 $7,800 $15,600
22 R
(including 2 DDs),
1 W
9 R,
1 W
(including 1 DD)
16 R,
0 W

Combined Coryat: $40,600

The J! Archive is created by fans, for fans. The Jeopardy! game show and all elements thereof, including but not limited to copyright and trademark thereto, are the property of Jeopardy Productions, Inc. and are protected under law. This website is not affiliated with, sponsored by, or operated by Jeopardy Productions, Inc. Join the discussion at JBoard.tv.